Statistics for Stoke City F.C. Transfer Record

Click here to take the quiz!

General Stats

  • This quiz has been taken 93 times
    (77 since last reset)
  • The average score is 4 of 34

Answer Stats

FeePlayer% Correct
£10MPeter Crouch
87%
£5MRobert Huth
34%
£3.5MJack Butland
32%
£12MXherdan Shaqiri
28%
£18.3MGiannelli Imbula
25%
£2MMarko Arnautović
23%
£4MCharlie Adam
17%
£13MJoe Allen
17%
£8MKenwyne Jones
15%
£18MKevin Wimmer
15%
£3MErik Pieters
13%
£2.75MJon Walters
13%
£3.25MAsmir Begović
11%
£2MMatthew Etherington
11%
£12MSaido Berahino
11%
£3MSteven N'Zonzi
9%
£14MBadou Ndiaye
8%
£5.5MDave Kitson
8%
£3.5MJames Beattie
8%
£5.75MJoselu
8%
£2.5MGeoff Cameron
6%
£2.25MAbdoulaye Faye
4%
£7MBruno Martins Indi
4%
£5MRamadan Sobhi
4%
£2MDanny Higginbotham
2%
£5MDean Whitehead
2%
£2MMichael Tonge
2%
£2.75MPhilipp Wollscheid
2%
£5MTuncay Şanlı
2%
£2.5MBrek Shea
0%
£2.75MDanny Collins
0%
£2.5MDiego Arismendi
0%
£2MIbrahima Sonko
0%
£3MSeyi Olofinjana
0%

Score Distribution

Percentile by Number Answered

Percent of People with Each Score

Your Score History

You have not taken this quiz since the last reset